đź“–150 premiers mots "Aux fruits de la passion" Daniel Pennac - Statistiques

Statistiques générales
  • Ce quiz a Ă©tĂ© pris 18 fois
  • Le rĂ©sultat moyen est 80 sur 150
Statistiques - réponses
Mots % Correct
l'
100%
le
100%
Louna
100%
a
93%
Ă 
93%
de
93%
la
93%
m'
93%
Benjamin ?
86%
Jérémy,
86%
n'
86%
s'
86%
t'
86%
Thérèse
86%
- Thérèse
86%
Thérèse ?
86%
un
86%
au
79%
aux
79%
Il
79%
il
79%
pas
79%
Une
79%
une
79%
ai
71%
c'
71%
chouia
71%
Clara,
71%
dans
71%
elle,
71%
en
71%
Je
71%
- Je
71%
je
71%
Petit,
71%
sa
71%
tu
71%
- Tu
71%
ce
64%
dit
64%
dĂ»
64%
et
64%
jamais
64%
me
64%
ne
64%
On
64%
qu'
64%
que
64%
sais
64%
sur
64%
tout
64%
veux
64%
ami
57%
aurais
57%
ça.
57%
Ça,
57%
est
57%
était
57%
fait
57%
faut
57%
moins,
57%
ses
57%
son
57%
Toute
57%
demandé
50%
dire
50%
qui
50%
vie,
50%
voir
50%
aussi
43%
fichais.
43%
- MĂŞme
43%
- Comment,
36%
fiches ?
36%
intéresse
29%
mec ?
21%
pris
21%
trop
21%
trouve
21%
type
21%
amoureuse
14%
derrière
14%
dîner.
14%
inviter
14%
lunettes
14%
acharnée
7%
chacun
7%
curiosité,
7%
devrait
7%
planète
7%
roses. ...
7%
tribu
7%
voix
7%
conséquences
0%
convaincre,
0%
décide
0%
désastreuses.
0%
énorme.
0%
feu
0%
gueulait
0%
hâtive,
0%
improbable
0%
Mars,
0%
monsieur
0%
phénomène
0%
posteriori.
0%
pression
0%
puissance
0%
reddition
0%
registre,
0%
relais :
0%
terrible :
0%
tĂ´t.
0%
tulipe
0%
velours...
0%
vivre
0%
Aucun quiz correspondant
Distribution des résultats
% des personnes avec chaque résultat
Percentile par nombre de réponses
Votre historique - résultats
Vous n’avez pas pris ce quiz